| 000 | 00382nam a22001577a 4500 | ||
|---|---|---|---|
| 003 | mut | ||
| 005 | 20240606081254.0 | ||
| 008 | 171017b xxu||||| |||| 00| 0 eng d | ||
| 020 | _a0719539234 | ||
| 040 | _cmut | ||
| 050 |
_aHF 5547.5 _b.H33 1984 |
||
| 100 | _aHackett, Penny | ||
| 245 | _aSuccess in Office Practice | ||
| 260 |
_aHong Kong, _bJohn Murray, _c1984 |
||
| 942 |
_2lcc _cBK |
||
| 999 |
_c13610 _d13610 |
||